Logo BPK

Biblioteka

Politechniki Koszalińskiej

Arthur Schopenhauer's Sämmtliche Werke. (Rekord nr 49451)

Szczegóły MARC
000 -ETYKIETA REKORDU
podpole kontrolne o stałej długości 00591nam a2200205 i 4500
001 - NUMER KONTROLNY REKORDU
pole kontrolne bgj
040 ## - ŹRÓDŁO KATALOGOWANIA
Instytucja, która utworzyła rekord BPK
041 0# - KOD JĘZYKA
Kod języka tekstu ger
044 ## - KOD KRAJU WYDAWCY/PRODUCENTA
Kod kraju wydawcy/producenta DEU
080 ## - UNIWERSALNA KLASYFIKACJA DZIESIĘTNA - UKD
UKD 1
008 - POLE O STAŁEJ DŁUGOŚCI - DANE KONTROLNE
podpole kontrolne o stałej długości s gw f |000 0 ger
100 1# - NAZWA OSOBOWA
Nazwa osobowa SCHOPENHAUER, Arthur.
245 10 - TYTUŁ/ODPOWIEDZIALNOŚĆ
Tytuł Arthur Schopenhauer's Sämmtliche Werke.
Pozostałe elementy strefy tytułu i oznaczenia odpowiedzialności hrsg. von Julius Frauenstädt.
Oznaczenie części/sekcji dzieła Bd. 1,
Tytuł części/sekcji dzieła Schriften zur Erkenntnißlehre /
250 ## - STREFA WYDANIA
Oznaczenie wydania 2. Aufl. Neue Ausg.
260 ## - STREFA ADRESU WYDAWNICZEGO
Miejsce wydania Lepzig :
Nazwa wydawcy/dystrybutora F. A. Brockhaus,
Data publikacji, dystrybucji/powstania dokumentu 1919.
300 ## - STREFA OPISU FIZYCZNEGO
Objętość 685 s. pag. varia :
Inne cechy fizyczne il. ;
Rozmiary 22 cm.
650 9# - HASŁO PRZEDMIOTOWE W FORMIE NAZWY OGÓLNEJ LUB JEDNOSTKOWEJ
Nazwa ogólna lub geograficzna Filozofia
700 1# - HASŁO DODATKOWE - NAZWA OSOBOWA
Nazwa osobowa FRAUENSTÄDT, Julius.
942 ## - DODATKOWE ELEMENTY (KOHA)
Typ dokumentu Książka
Egzemplarze
Wycofany Status egzemplarza Uszkodzony Ograniczenia udostępniania Dostępność Lokalizacja stała Lokalizacja bieżąca Miejsce przechowywania Sygnatura Kod kreskowy Typ dokumentu Uwaga przeznaczona na użytek publiczny
      Dostęp zastrzeżony Tylko na miejscu Biblioteka Politechniki Koszalińskiej Biblioteka Politechniki Koszalińskiej Zbiory Wewnętrzne N 1130 02436814 Książka D22
© 2023 Biblioteka Politechniki Koszalińskiej :: KOHA